<?xml version="1.0" encoding="UTF-8"?><?xml-stylesheet type="text/xsl" href="static/style.xsl"?><OAI-PMH xmlns="http://www.openarchives.org/OAI/2.0/" xmlns:xsi="http://www.w3.org/2001/XMLSchema-instance" xsi:schemaLocation="http://www.openarchives.org/OAI/2.0/ http://www.openarchives.org/OAI/2.0/OAI-PMH.xsd"><responseDate>2026-06-01T20:30:36Z</responseDate><request verb="GetRecord" identifier="oai:riubu.ubu.es:10259/10329" metadataPrefix="marc">https://riubu.ubu.es/oai/request</request><GetRecord><record><header><identifier>oai:riubu.ubu.es:10259/10329</identifier><datestamp>2025-03-14T01:05:33Z</datestamp><setSpec>com_10259.4_2516</setSpec><setSpec>com_10259_5086</setSpec><setSpec>com_10259_2604</setSpec><setSpec>col_10259.4_2517</setSpec></header><metadata><record xmlns="http://www.loc.gov/MARC21/slim" xmlns:doc="http://www.lyncode.com/xoai" xmlns:xsi="http://www.w3.org/2001/XMLSchema-instance" xmlns:dcterms="http://purl.org/dc/terms/" xsi:schemaLocation="http://www.loc.gov/MARC21/slim http://www.loc.gov/standards/marcxml/schema/MARC21slim.xsd">
<leader>00925njm 22002777a 4500</leader>
<datafield tag="042" ind1=" " ind2=" ">
<subfield code="a">dc</subfield>
</datafield>
<datafield tag="720" ind1=" " ind2=" ">
<subfield code="a">Vallejo García, Jorge Lucas</subfield>
<subfield code="e">author</subfield>
</datafield>
<datafield tag="720" ind1=" " ind2=" ">
<subfield code="a">Vallejos Calzada, Saúl</subfield>
<subfield code="e">author</subfield>
</datafield>
<datafield tag="720" ind1=" " ind2=" ">
<subfield code="a">Trigo López, Miriam</subfield>
<subfield code="e">author</subfield>
</datafield>
<datafield tag="720" ind1=" " ind2=" ">
<subfield code="a">García Pérez, José Miguel</subfield>
<subfield code="e">author</subfield>
</datafield>
<datafield tag="720" ind1=" " ind2=" ">
<subfield code="a">Busto Núñez, Mª Dolores</subfield>
<subfield code="e">author</subfield>
</datafield>
<datafield tag="260" ind1=" " ind2=" ">
<subfield code="c">2025-05</subfield>
</datafield>
<datafield tag="520" ind1=" " ind2=" ">
<subfield code="a">Laccases are a group of versatile and green biocatalysts with high efficiency for the degradation of a wide variety of environmental pollutants. However, the feasibility of free laccase applications is hampered by enzyme inactivation due to exposure to denaturing conditions and difficult recovery, which limits reuse and continuous process design, resulting in high costs. Enzyme immobilization technology is a promising way of overcoming these drawbacks. In this work, laccases from two fungal sources, Myceliophthora thermophila and Trametes versicolor, were immobilized for the first time by covalent interaction (azo-linkages) on a film-shaped polyacrylic material. Optimal immobilization parameters were 10 U/mL enzyme load, 1 h and 25 ºC. The resultant immobilized laccases were characterized as a function of pH, temperature, and substrate concentrations (kinetic parameters) and compared with the free enzyme counterpart. The laccase-polymer hybrid (M. thermophila laccase) showed excellent operational and storage stability, retaining 89.8 % of the initial activity after 15 cycles of reuse and 10 days of storage at 4 ºC. Finally, the laccase-polymer films exhibited > 90 % depletion of bisphenol A in water by a dual adsorption-catalysis mechanism. The adsorption capacity ranged from 61.4 % to 30.5 %. GC-MS analysis revealed the degradation products 5,5′-bis-[1-(4-(4-hydroxyphenyl)-1-methyl-ethyl]-biphenyl-2,2′-diol and 3- or 2-methyl-2,3-ditrobenzofuran, as adsorbed compounds, as well as non-degraded bisphenol A. The significance of this research lies in the demonstrated catalytic efficiency of a new, reusable and cost-effective hybrid material for the removal of phenolic contaminants in water. The findings suggest that laccase-polymer hybrids could be a very useful tool for sustainable wastewater treatment.</subfield>
</datafield>
<datafield tag="024" ind2=" " ind1="8">
<subfield code="a">2352-1864</subfield>
</datafield>
<datafield tag="024" ind2=" " ind1="8">
<subfield code="a">http://hdl.handle.net/10259/10329</subfield>
</datafield>
<datafield tag="024" ind2=" " ind1="8">
<subfield code="a">10.1016/j.eti.2025.104093</subfield>
</datafield>
<datafield ind1=" " ind2=" " tag="653">
<subfield code="a">Acrylic polymer</subfield>
</datafield>
<datafield ind1=" " ind2=" " tag="653">
<subfield code="a">Biodegradation</subfield>
</datafield>
<datafield ind1=" " ind2=" " tag="653">
<subfield code="a">Bisphenol A</subfield>
</datafield>
<datafield ind1=" " ind2=" " tag="653">
<subfield code="a">Laccase</subfield>
</datafield>
<datafield ind1=" " ind2=" " tag="653">
<subfield code="a">Myceliophthora thermophila</subfield>
</datafield>
<datafield ind1=" " ind2=" " tag="653">
<subfield code="a">Trametes versicolor</subfield>
</datafield>
<datafield tag="245" ind1="0" ind2="0">
<subfield code="a">Optimization and stability of a reusable laccase-polymer hybrid film for the removal of bisphenol A in water</subfield>
</datafield>
</record></metadata></record></GetRecord></OAI-PMH>